000 00618cam a2200181 4500500
005 20251228065453.0
041 _afre
042 _adc
100 1 0 _aPodlipski, Marc-Antoine
_eauthor
700 1 0 _aBelloncle, Vincent
_eauthor
700 1 0 _aVitte, Lisa
_eauthor
700 1 0 _aGerardin, Priscille
_eauthor
245 0 0 _aLe psychiatre pour adolescents en son temps
260 _c2016.
500 _a11
786 0 _nVST - Vie sociale et traitements | 131 | 3 | 2016-08-26 | p. 76-84 | 0396-8669
856 4 1 _uhttps://shs.cairn.info/revue-vie-sociale-et-traitements-2016-3-page-76?lang=fr&redirect-ssocas=7080
999 _c1591549
_d1591549